Problemas del desarrollo y la transferencia de tecnología agropecuaria: caso de los plaguicidas /

Guardado en:
Bibliografiske detaljer
Hovedforfatter: Chediack, Roberto
Andre forfattere: Benzekry, Tami, Del Bello Guillén, Juan Carlos, López, Esther, Mora, Patricia
Format: Texto
Udgivet: San José: Gobierno de Costa Rica. Fondo Provisorio de las N.U. sobre Ciencia y Tecnología para el Desarrollo
Tags: Tilføj Tag
Ingen Tags, Vær først til at tagge denne postø!

MARC

LEADER 00000 a a2200000 04500
001 14657
003
040
090 |a 022000  
100 |a Chediack, Roberto  
245 |a Problemas del desarrollo y la transferencia de tecnología agropecuaria: caso de los plaguicidas /  |c Roberto Chediack 
260 |a San José:   |b Gobierno de Costa Rica. Fondo Provisorio de las N.U. sobre Ciencia y Tecnología para el Desarrollo  
300 |a 4, 182 p.  
700 |a Benzekry, Tami  
700 |a Del Bello Guillén, Juan Carlos  
700 |a López, Esther  
700 |a Mora, Patricia  
999 |c 14690  |d 14690